Public attitudes towards estates in Scotland (Record no. 110850)

MARC details
000 -LEADER
fixed length control field 00979cad a22001935a 4500
001 - CONTROL NUMBER
control field E150385
008 - FIXED-LENGTH DATA ELEMENTS--GENERAL INFORMATION
fixed length control field 100707s2010 xxk f 000 0 eng d
035 ## - SYSTEM CONTROL NUMBER
System control number (Sirsi) u150385
041 0# - LANGUAGE CODE
Language code of text/sound track or separate title eng
110 2# - MAIN ENTRY--CORPORATE NAME
Corporate name or jurisdiction name as entry element George Street Research
9 (RLIN) 5866
245 00 - TITLE STATEMENT
Title Public attitudes towards estates in Scotland
Remainder of title report of quantitative research findings
Medium [electronic resource]
260 ## - PUBLICATION, DISTRIBUTION, ETC.
Place of publication, distribution, etc. Edinburgh
Name of publisher, distributor, etc. George Street Research
Date of publication, distribution, etc. 2010
520 ## - SUMMARY, ETC.
Summary, etc. Report prepared for the Scottish Estates Business Group and the Scottish Rural Property and Business Association, which looks at public attitudes to Scottish estates. Suggests strategies which estates can adopt to promote and market their resources and increase public awareness of their activities.
590 ## - LOCAL NOTE (RLIN)
Local note KA
651 #4 - SUBJECT ADDED ENTRY--GEOGRAPHIC NAME
Geographic name Scotland
Chronological subdivision 1999-
690 ## - LOCAL SUBJECT ADDED ENTRY--TOPICAL TERM (OCLC, RLIN)
Topical term or geographic name as entry element PROPERTY-RURAL AND NATURAL ASSETS
856 40 - ELECTRONIC LOCATION AND ACCESS
Uniform Resource Identifier <a href="https://www.sebg.org/news/publications/George%20Street%20report.pdf">https://www.sebg.org/news/publications/George%20Street%20report.pdf</a>
Public note View the report free of charge at www.sebg.org.uk
942 ## - ADDED ENTRY ELEMENTS (KOHA)
Suppress in OPAC 0
Holdings
Withdrawn status Lost status Source of classification or shelving scheme Damaged status Not for loan Home library Current library Shelving location Date acquired Total Checkouts Full call number Barcode Date last seen Copy number Price effective from Koha item type
    Dewey Decimal Classification     Virtual Virtual Online 07/07/2010   ONLINE PUBLICATION 150385-2001 06/08/2019 1 06/08/2019 Book